WWE - Jack Swagger's PPV Opponents - Statistics

General Stats
  • This quiz has been taken 334 times
  • The average score is 80 of 119
Answer Stats
Year Event Match Type Answer % Correct
2009 Night of Champions 6-Pack Challenge Match The Miz
89%
2009 Hell in a Cell Triple Threat Match The Miz
89%
2010 Bragging Rights 7 vs. 7 Tag Team Match The Miz
89%
2010 Over the Limit The Big Show
88%
2010 Fatal 4-Way Fatal 4-Way Match The Big Show
88%
2010 Survivor Series 5 vs. 5 Elimination Match The Big Show
88%
2013 TLC 4-Team Elimination Match The Big Show
88%
2013 WrestleMania 29 Alberto Del Rio
87%
2013 Extreme Rules "I Quit" Match Alberto Del Rio
87%
2015 TLC Chairs Match Alberto Del Rio
87%
2010 Fatal 4-Way Fatal 4-Way Match CM Punk
87%
2010 Bragging Rights 7 vs. 7 Tag Team Match CM Punk
87%
2011 Extreme Rules Country Whippin' Tag Team Match Jerry Lawler
87%
2010 Extreme Rules Extreme Rules Match Randy Orton
87%
2011 Survivor Series 5 vs. 5 Elimination Match Randy Orton
87%
2013 Elimination Chamber Elimination Chamber Match Randy Orton
87%
2009 Bragging Rights 7 vs. 7 Tag Team Match Kane
86%
2013 Elimination Chamber Elimination Chamber Match Kane
86%
2010 Fatal 4-Way Fatal 4-Way Match Rey Mysterio
86%
2010 Money in the Bank Rey Mysterio
86%
2010 Survivor Series 5 vs. 5 Elimination Match Rey Mysterio
86%
2013 Survivor Series 5 vs. 5 Elimination Match Rey Mysterio
86%
2013 TLC 4-Team Elimination Match Rey Mysterio
86%
2009 The Bash 5-Man Championship Scramble Match Mark Henry
85%
2013 Elimination Chamber Elimination Chamber Match Mark Henry
85%
2010 TLC Triple Threat Ladder Match Dolph Ziggler
82%
2011 Night of Champions Fatal 4-Way Match Dolph Ziggler
82%
2009 Night of Champions 6-Pack Challenge Match Kofi Kingston
82%
2009 Hell in a Cell Triple Threat Match Kofi Kingston
82%
2010 Survivor Series 5 vs. 5 Elimination Match Kofi Kingston
82%
2010 TLC Triple Threat Ladder Match Kofi Kingston
82%
2011 Hell in a Cell Tag Team Match Kofi Kingston
82%
2011 Vengeance Tag Team Match Kofi Kingston
82%
2011 Survivor Series 5 vs. 5 Elimination Match Kofi Kingston
82%
2012 WrestleMania XXVIII 12-Man Tag Team Match Kofi Kingston
82%
2012 Over the Limit Tag Team Match Kofi Kingston
82%
2009 Bragging Rights 7 vs. 7 Tag Team Match Chris Jericho
81%
2013 Elimination Chamber Elimination Chamber Match Chris Jericho
81%
2014 Extreme Rules 3-Man Elimination Match Cesaro
78%
2014 Survivor Series: Kickoff Cesaro
78%
2009 Backlash Christian
78%
2009 Judgment Day Christian
78%
2009 Extreme Rules Triple Threat Match Christian
78%
2009 The Bash 5-Man Championship Scramble Match Christian
78%
2010 Bragging Rights 7 vs. 7 Tag Team Match Sheamus
77%
2011 Survivor Series 5 vs. 5 Elimination Match Sheamus
77%
2011 TLC Sheamus
77%
2009 Royal Rumble Matt Hardy
76%
2009 Bragging Rights 7 vs. 7 Tag Team Match Matt Hardy
76%
2009 Survivor Series 5 vs. 5 Elimination Match Matt Hardy
76%
2010 Hell in a Cell Edge
75%
2013 Survivor Series 5 vs. 5 Elimination Match Cody Rhodes
74%
2013 TLC 4-Team Elimination Match Cody Rhodes
74%
2014 Battleground Rusev
73%
2014 SummerSlam Flag Match Rusev
73%
2014 TLC Rusev
73%
2009 Survivor Series 5 vs. 5 Elimination Match John Morrison
72%
2010 Bragging Rights 7 vs. 7 Tag Team Match John Morrison
72%
2011 Night of Champions Fatal 4-Way Match John Morrison
72%
2009 Bragging Rights 7 vs. 7 Tag Team Match R-Truth
72%
2010 Bragging Rights 7 vs. 7 Tag Team Match R-Truth
72%
2012 WrestleMania XXVIII 12-Man Tag Team Match R-Truth
72%
2012 Over the Limit Tag Team Match R-Truth
72%
2013 Elimination Chamber Elimination Chamber Match Daniel Bryan
68%
2013 TLC 4-Team Elimination Match Ryback
65%
2014 WrestleMania XXX: Kickoff 4-Team Elimination Match Ryback
65%
2009 Survivor Series 5 vs. 5 Elimination Match Evan Bourne
64%
2011 Capitol Punishment Evan Bourne
64%
2011 Hell in a Cell Tag Team Match Evan Bourne
64%
2011 Vengeance Tag Team Match Evan Bourne
64%
2013 Survivor Series 5 vs. 5 Elimination Match Jey Uso
64%
2014 WrestleMania XXX: Kickoff 4-Team Elimination Match Jey Uso
64%
2013 Survivor Series 5 vs. 5 Elimination Match Jimmy Uso
64%
2014 WrestleMania XXX: Kickoff 4-Team Elimination Match Jimmy Uso
64%
2010 Bragging Rights 7 vs. 7 Tag Team Match Santino Marella
63%
2012 WrestleMania XXVIII 12-Man Tag Team Match Santino Marella
63%
2013 Battleground Tag Team Match Santino Marella
63%
2014 Elimination Chamber Big E
62%
2013 Survivor Series 5 vs. 5 Elimination Match Goldust
61%
2013 TLC 4-Team Elimination Match Goldust
61%
2009 Night of Champions 6-Pack Challenge Match MVP
61%
2009 SummerSlam MVP
61%
2010 Survivor Series 5 vs. 5 Elimination Match MVP
61%
2012 WrestleMania XXVIII 12-Man Tag Team Match Zack Ryder
58%
2014 Extreme Rules 3-Man Elimination Match Rob Van Dam
57%
2013 Hell in a Cell Tag Team Match Diego
55%
2014 WrestleMania XXX: Kickoff 4-Team Elimination Match Diego
55%
2009 Night of Champions 6-Pack Challenge Match Primo
53%
2011 Survivor Series 5 vs. 5 Elimination Match Sin Cara
53%
2012 WrestleMania XXVIII 12-Man Tag Team Match The Great Khali
53%
2013 Battleground Tag Team Match The Great Khali
53%
2009 Extreme Rules Triple Threat Match Tommy Dreamer
53%
2009 The Bash 5-Man Championship Scramble Match Tommy Dreamer
53%
2013 TLC 4-Team Elimination Match Curtis Axel
52%
2014 WrestleMania XXX: Kickoff 4-Team Elimination Match Curtis Axel
52%
2009 No Way Out Finlay
52%
2009 The Bash 5-Man Championship Scramble Match Finlay
52%
2009 Bragging Rights 7 vs. 7 Tag Team Match Finlay
52%
2009 Survivor Series 5 vs. 5 Elimination Match Finlay
52%
2013 Hell in a Cell Tag Team Match Fernando
48%
2014 WrestleMania XXX: Kickoff 4-Team Elimination Match Fernando
48%
2010 Bragging Rights 7 vs. 7 Tag Team Match Ezekiel Jackson
47%
2009 Survivor Series 5 vs. 5 Elimination Match Shelton Benjamin
47%
2009 Bragging Rights 7 vs. 7 Tag Team Match Tyson Kidd
47%
2011 Extreme Rules Country Whippin' Tag Team Match Jim Ross
43%
2009 Night of Champions 6-Pack Challenge Match Carlito
42%
2012 WrestleMania XXVIII 12-Man Tag Team Match Booker T
39%
2016 Royal Rumble: Kickoff 4-Team Match Darren Young
39%
2016 Royal Rumble: Kickoff 4-Team Match Bubba Ray Dudley
37%
2016 Royal Rumble: Kickoff 4-Team Match D-Von Dudley
37%
2012 Elimination Chamber Justin Gabriel
37%
2016 Royal Rumble: Kickoff 4-Team Match Damien Sandow
36%
2016 No Mercy Baron Corbin
29%
2009 Bragging Rights 7 vs. 7 Tag Team Match David Hart Smith
29%
2016 Royal Rumble: Kickoff 4-Team Match Konnor
27%
2016 Royal Rumble: Kickoff 4-Team Match Viktor
27%
2011 Night of Champions Fatal 4-Way Match Alex Riley
23%
2010 Survivor Series 5 vs. 5 Elimination Match Chris Masters
19%
2011 Survivor Series 5 vs. 5 Elimination Match Mason Ryan
18%
No matching quizzes found
Score Distribution
Percent of People with Each Score
Percentile by Number Answered
Your Score History
You have not taken this quiz